| 000 | 01987nam a22005890a 4500 | ||
|---|---|---|---|
| 001 | PT18461 | ||
| 003 | AR-LpoUNG | ||
| 005 | 20210131232819.0 | ||
| 008 | 191001s2001||||sp |||||||||||||||||spa d | ||
| 020 |
_a842063980X _c$7.00 |
||
| 040 |
_aAR-LpoUNG _bspa _cAR-LpoUNG _eaacr |
||
| 041 | _aspa | ||
| 044 | _asp | ||
| 082 | 0 | _a509 832mom | |
| 100 | 1 | _aAsimov, Isaac | |
| 245 | 1 | 0 | _aMomentos estelares de la ciencia |
| 250 | _a1§ edición, 2§ reimp. | ||
| 260 |
_aMadrid : _bAlianza, _c2001. |
||
| 300 |
_a150 p. : _bmapas |
||
| 520 | _aRepasa la figura de treinta protagonistas de descubrimientos científicos que constituyeron hitos históricos, ya sea por la utilidad de sus aplicaciones prácticas, ya por sus revolucionarias repercusiones en el pensamieno teórico. Entre ellos Newton, Lavoisier, Watt, Faraday, Henry, Edison, Harvey, Jenner, Pasteur, Ehrlich, Roentgen, Becquerel, Curie, Einstein, Rutherford y Lawrence, entre otros. | ||
| 650 | 4 | _aCIENTIFICOS | |
| 650 | 4 | _aCULTURA CIENTIFICA | |
| 650 | 4 | _aDESCUBRIMIENTOS CIENTIFICOS | |
| 650 | 4 | _aPROGRESO CIENTIFICO | |
| 651 | 4 | _aDOCUMENTOS TEORICOS O METODOLOGICOS | |
| 653 | _aAlbert Einstein | ||
| 653 | _aAntoine-Laurent Lavoisier | ||
| 653 | _aAnton van Leeuwenhoek | ||
| 653 | _aArquímedes | ||
| 653 | _aDarwin y Wallace | ||
| 653 | _aEdward Jenner | ||
| 653 | _aGalileo Galilei | ||
| 653 | _aGeorge Washington Carver | ||
| 653 | _aGregor Johann Mendel | ||
| 653 | _aHenry Bessemer | ||
| 653 | _aIsaac Newton | ||
| 653 | _aJames Watt | ||
| 653 | _aJohann Gutenberg | ||
| 653 | _aJoseph Henry | ||
| 653 | _aLouis Pasteur | ||
| 653 | _aMarie y Pierre Curie | ||
| 653 | _aMichael Faraday | ||
| 653 | _aNicolás Copérnico | ||
| 653 | _aPaul Ehrlich | ||
| 653 | _aRobert Hutchings Goddard | ||
| 653 | _aRoentgen y Becquerel | ||
| 653 | _aThomas Alva Edison | ||
| 653 | _aWilliam Harvey | ||
| 653 | _aWilliam Henry Perkin | ||
| 905 | _a18461 | ||
| 942 | _cLIB | ||
| 999 |
_c17630 _d17630 |
||